[Event "Regionalliga SO 1718 (Women)"]
[Site "Germany"]
[Date "2017.11.19"]
[Round "2.3"]
[White "Radde, Christina"]
[Black "Stieber, Daniela"]
[Result "1-0"]
[WhiteElo "1543"]
[BlackElo "1441"]
[PlyCount "83"]
[EventDate "2017.10.15"]
[EventType "team-tourn"]
[EventRounds "5"]
[EventCountry "GER"]
[SourceTitle "CBM 183 Extra"]
[Source "ChessBase"]
[SourceDate "2018.04.19"]
[SourceVersion "1"]
[SourceVersionDate "2018.04.19"]
[SourceQuality "1"]
[WhiteTeam "Merseburg (W)"]
[BlackTeam "Lehrte (W) II"]
[WhiteTeamCountry "GER"]
[BlackTeamCountry "GER"]

1. Nf3 d5 2. d4 Nf6 3. c4 c6 4. Nc3 Bf5 5. e3 e6 6. c5 Nbd7 7. Bd3 Bxd3 8. Qxd3 Qc7 9. Bd2 e5 10. Qb1 e4 11. Nh4 g6 12. h3 Be7 13. g3 Nh5 14. Ne2 f5 15. Ng2 0-0 16. Nef4 Ng7 17. b4 g5 18. Ne2 Ne6 19. Kd1 b6 20. a3 Bf6 21. Ra2 Rab8 22. Qc2 bxc5 23. bxc5 Rb7 24. Bc3 Rfb8 25. Kd2 Rb3 26. Bb4 Rd3+ 27. Kc1 f4 28. gxf4 gxf4 29. Ne1 fxe3 30. Nxd3 exd3 31. Qxd3 exf2 32. Qf5 Nxd4 33. Qg4+ Kh8 34. Nxd4 Qh2 35. Rxh2 f1Q+ 36. Qd1 Bg5+ 37. Kc2 Qc4+ 38. Kb1 Nxc5 39. Rhc2 Rxb4+ 40. axb4 Qxb4+ 41. Rab2 Qa5 42. Rxc5 1-0